Quizzes
Events
Quiz Creation
Community
Videos
Private Events
Remove Ads
Sign In
Join for FREE
Feedback
Dark Mode
Quiz Categories
Sports
Geography
Music
Movies
Television
Just For Fun
Miscellaneous
History
Literature
Language
Science
Gaming
Entertainment
Religion
Holiday
For Kids
Quiz Lab
Recent
Popular Today
Quiz Kudos Today
Editor Picks
Curator Picks
Quizzes by...
Day
Popularity
Type
Ratings
Length
Year
Community
Subscriptions
Recent Discussions
Orange Saloon
Badges
Playlists
Quests
Create
Leaderboards
Showdown
Live 5
Trivia Bingo
Activity
Puzzle Library
Sporcle Events
Private Events
Virtual Trivia
Globe League
Become a Host
Pub Owners
SporcleCon
Opinionation
Our Games
Videos
Blog
Mobile Apps
Partnerships
Remove Ads and Go Orange
Feedback
Movies
Disney
Marvel Cinematic Universe
Movie Resume
Movie Titles
Oscar
Actor
Actress
Director
Pixar
Role
Movie Quotes
Movie Characters
Box Office
Nominee
Best Picture
Star Wars
James Bond
Horror Movies
Movies
Disney
Marvel Cinematic Universe
Movie Resume
Movie Titles
Oscar
Actor
Actress
Director
Pixar
Role
Movie Quotes
Movie Characters
Box Office
Nominee
Best Picture
Star Wars
James Bond
Horror Movies
Random Quiz
Search Sporcle
×
Quiz Lab
Quiz Lab
Movies
snl
Type in answers that appear in a list
Type in answers that appear in a list
Classic
Best Score? Go Orange.
SNL Co-Stars in Adam Sandler Movies Stats
Can you name the SNL co-stars in Adam Sandler's films
By
goatboy
8m
82 Questions
146 Plays
146 Plays
146 Plays
Comments
Comments
Give Quiz Kudos
Give Quiz Kudos
-
- Ratings
hide this ad
Replay
Link that replays current quiz
Next Quiz
Link to next quiz in quiz playlist
You Got
0%
They Got
Avg Score
53%
Avg Friend Score
Upgrade to see
Score Distribution
Jump to the score distribution portion of the page
Score
0/82
Timer
08:00
0
Plays Today
Film
SNL'er
% Correct
The Longest Yard
Chris Rock
93.1%
You Don't Mess With the Zohan
Chris Rock
93.1%
Grown Ups
Chris Rock
93.1%
Grown Ups 2
Chris Rock
93.1%
I Now Pronounce You Chuck & Larry
David Spade
90.3%
Grown Ups
David Spade
90.3%
Jack & Jill
David Spade
90.3%
Hotel Transylvania
David Spade
90.3%
Grown Ups 2
David Spade
90.3%
The Waterboy
Rob Schneider
89.7%
Big Daddy
Rob Schneider
89.7%
Little Nicky
Rob Schneider
89.7%
Mr. Deeds
Rob Schneider
89.7%
Eight Crazy Nights
Rob Schneider
89.7%
50 First Dates
Rob Schneider
89.7%
The Longest Yard
Rob Schneider
89.7%
Click
Rob Schneider
89.7%
I Now Pronounce You Chuck & Larry
Rob Schneider
89.7%
You Don't Mess With the Zohan
Rob Schneider
89.7%
Bedtime Stories
Rob Schneider
89.7%
Grown Ups
Rob Schneider
89.7%
Billy Madison
Chris Farley
83.4%
Billy Madison
Norm MacDonald
69%
Funny People
Norm MacDonald
69%
Grown Ups
Norm MacDonald
69%
Jack & Jill
Norm MacDonald
69%
That's My Boy
Andy Samberg
63.4%
Hotel Transylvania
Andy Samberg
63.4%
Film
SNL'er
% Correct
Grown Ups 2
Andy Samberg
63.4%
Happy Gilmore
Kevin Nealon
61.4%
The Wedding Singer
Kevin Nealon
61.4%
Little Nicky
Kevin Nealon
61.4%
Eight Crazy Nights
Kevin Nealon
61.4%
Anger Management
Kevin Nealon
61.4%
You Don't Mess With the Zohan
Kevin Nealon
61.4%
Just Go With It
Kevin Nealon
61.4%
Blended
Kevin Nealon
61.4%
50 First Dates
Dan Aykroyd
51%
I Now Pronounce You Chuck & Larry
Dan Aykroyd
51%
Name the movies with none
Reign Over Me
51%
50 First Dates
Maya Rudolph
49.7%
Grown Ups
Maya Rudolph
49.7%
Grown Ups 2
Maya Rudolph
49.7%
Little Nicky
Dana Carvey
48.3%
Jack & Jill
Dana Carvey
48.3%
Grown Ups
Tim Meadows
44.8%
Jack & Jill
Tim Meadows
44.8%
Grown Ups 2
Tim Meadows
44.8%
Grown Ups
Colin Quinn
43.4%
That's My Boy
Colin Quinn
43.4%
Grown Ups 2
Colin Quinn
43.4%
Hotel Transylvania
Molly Shannon
40.7%
Grown Ups 2
Cheri Oteri
40.7%
The Wedding Singer
Jon Lovitz
38.6%
Little Nicky
Jon Lovitz
38.6%
Eight Crazy Nights
Jon Lovitz
38.6%
Film
SNL'er
% Correct
Hotel Transylvania
Jon Lovitz
38.6%
Grown Ups 2
Jon Lovitz
38.6%
Bulletproof
Damon Wayans
37.9%
Name the movies with none
Punch-Drunk Love
34.3%
The Longest Yard
Tracy Morgan
32.4%
Click
Rachel Dratch
28.3%
I Now Pronounce You Chuck & Larry
Rachel Dratch
28.3%
Just Go With It
Rachel Dratch
28.3%
That's My Boy
Will Forte
28.3%
That's My Boy
Rachel Dratch
28.3%
Grown Ups 2
Will Forte
28.3%
That's My Boy
Ana Gasteyer
27.6%
Happy Gilmore
Ben Stiller
24.8%
Name the movies with none
Spanglish
22.1%
Funny People
Sarah Silverman
21.4%
Hotel Transylvania
Chris Parnell
17.9%
Grown Ups 2
Taran Killam
17.9%
Little Nicky
Ellen Cleghorne
15.2%
Grown Ups 2
Ellen Cleghorne
15.2%
Grown Ups 2
Bobby Moynihan
13.8%
Little Nicky
Michael McKean
11.7%
Hotel Transylvania
Rob Riggle
9%
Hotel Transylvania
Paul Brittain
6.2%
Grown Ups 2
Melanie Hutsell
6.2%
Grown Ups 2
Paul Brittain
6.2%
Funny People
Jerry Minor
3.4%
Quiz Playlist
Details
Report
Send in Message
Add To Playlist
Classic:
Type in answers that appear in a list
Quiz Source
Last Updated: Feb 16, 2017
Quiz Scoreboard
CHALLENGE
Sign Up to Join the Scoreboard
Show All
Scores
Hide
Comments
May contain spoilers
Recently Published
Alphabetical 'K' Countries by Flag Minefield
by ylime102
Geography
3m
Pick 6: Fruits
by JohnFran
Miscellaneous
15s
Click the 1999 NBA Draft
by nibperrychub
Sports
2m
More to Explore
Quiz From the Vault
Featured Blog Post
15 Basketball Trivia Facts You Can Be March Mad About
hide this ad
You Might Also Like...
Tags
Adam Sandler
snl
SNL Alumni
Today's Top Quizzes in Movies
Browse Movies
hide this ad
Today's Top Quizzes in snl
Browse snl
Top Contributed Quizzes in Movies
1
Pixar Reveal II
2
How Long Is the Movie Title?
3
Pixar Reveal III
4
10 Quentin Tarantino Movies in Order
5
Adjectives in 00s Movies
6
Pixar Reveal IV
7
Adjectives in 10s Movies
8
Movie Stars Gone to the Dogs
9
Pixar Reveal V
10
Adjectives in 90s Movies
Explore More
Trending Topics
Kpop
Anime
NBA
Disney
Harry Potter
Crossword
Marvel
NFL
Pokémon
Song
Country
Puzzle
Soccer
The Office
WWE
hide this ad
More By:
goatboy
Quiz
Plays
Rating
Category
Featured
Created
2014 NHL Olympians by Team
33,585
4.31
Sports
Jan 27, 2014
The Simpsons: What the Stonecutters Do
23,987
4.58
Television
Nov 21, 2009
Top 25 Simpsons Guest Stars
4,535
4.06
Television
Nov 4, 2009
SNL'ers on 30 Rock
2,033
4.71
Television
Dec 12, 2011
Top 30 Box Office Bombs
1,252
3.46
Movies
Nov 8, 2009
Go to Creator's Profile
Score Distribution
Quiz Creator Spotlight
goatboy
Follow
Send a Message
Quizzes Created
-
Created Quiz Play Count
-
More By This Creator
Popular Quizzes Today
1
Match the Book to the Film X
2
DC Extended Universe: Oldest to Newest
3
Medical Shows by Picture
4
Keanu Reeves Movies
5
'Inside Out' Cast
6
Animal Sorting Blitz
7
Least Populous Country of World per Letter Minefield
8
McDonald's or Burger King?
More Movies Quizzes
Ridley Scott Movies - Picture Click
Curator's Pick
Trending Quizzes
First Name TV: Leading Men
Match the Book to the Film II
First Name TV: Leading Women Drama
Match the Book to the Film VI
Pick A Pair: Religious TV
Recently Updated
Women's Final Four Teams by Year
bhenderson79
Presidents Quartet II
eogle
Anything But Clue(do)
eogle
Anything But Oceanian Capitals
eogle
Anything But 7
eogle
Anything But Thing
eogle
Word Ladder: February 29
pecheneg
Song Title Questions
pecheneg
Women's NCAA Tournament #1 Seeds
pecheneg
Celebrity Mug Shots
pecheneg
Trending Topics
NBA
Disney
Crossword
Kpop
Marvel
Anime
Harry Potter
Country
Song
Puzzle
Soccer
The Office
WWE
Pokémon
NFL
Your Account Isn't Verified!
In order to create a playlist on Sporcle, you need to verify the email address you used during registration. Go to your
Sporcle Settings
to finish the process.
Report this User
Report this user for behavior that violates our
Community Guidelines
.
Details:
Send Report
Go to the Sporcle.com Mobile Site →
Comments